{"text_format":"3","workbook":"xlsx","n_sheets":1,"sheets":["t135"],"read":"whole","date_system":"1900"}

{"sheet":"t135","index":0,"n_rows":199,"n_cols":7,"rows_kept":199,"merged":[[0,0,0,6],[28,0,28,5],[43,0,43,5],[159,0,159,5]]}
["TABELA 135.1 - Estatísticas Agrícolas, Município de Colina, Estado de São Paulo, 2016/17."]
["ITEM","UNIDADE","N.DE UPAs","MÍNIMO","MÉDIO","MÁXIMO","TOTAL"]
["Distância à sede do município","km",343,{"v":1,"d":"1.0"},{"v":9.25,"d":"9.3"},{"v":29,"d":"29.0"},"-"]
["Área total","hectare",343,1.2,{"v":121.19,"d":"121.2"},{"v":2178,"d":"2,178.0"},{"v":41567.8,"d":"41,567.8"}]
["Área com cultura perene","hectare",129,0.5,27.7,741.6,{"v":3573.5,"d":"3,573.5"}]
["Área com cultura temporária","hectare",268,0.5,{"v":105.84,"d":"105.8"},715.8,{"v":28364.8,"d":"28,364.8"}]
["Área com pastagem","hectare",144,0.3,{"v":25.68,"d":"25.7"},{"v":1209.7,"d":"1,209.7"},{"v":3697.2,"d":"3,697.2"}]
["Área com reflorestamento","hectare",12,0.3,{"v":6.97,"d":"7.0"},46.5,83.6]
["Área com vegetação natural","hectare",136,0.1,{"v":23.25,"d":"23.3"},512.2,{"v":3162.4,"d":"3,162.4"}]
["Área com vegetação de brejo e várzea","hectare",147,0.2,{"v":11.64,"d":"11.6"},122.5,{"v":1711.4,"d":"1,711.4"}]
["Área em descanso","hectare",40,0.2,{"v":8.25,"d":"8.3"},60.8,329.8]
["Área complementar","hectare",206,0.1,{"v":3.13,"d":"3.1"},75.7,645.1]
["Área das UPAs com (0, 1] ha","hectare","-","-","-","-","-"]
["Área das UPAs com (1, 2] ha","hectare",7,1.2,{"v":1.81,"d":"1.8"},{"v":2,"d":"2.0"},12.7]
["Área das UPAs com (2, 5] ha","hectare",20,2.4,{"v":3.44,"d":"3.4"},{"v":5,"d":"5.0"},68.8]
["Área das UPAs com (5, 10] ha","hectare",27,5.2,{"v":7.84,"d":"7.8"},9.8,211.7]
["Área das UPAs com (10, 20] ha","hectare",43,10.1,{"v":15.03,"d":"15.0"},19.8,646.3]
["Área das UPAs com (20, 50] ha","hectare",89,20.1,{"v":31.18,"d":"31.2"},{"v":50,"d":"50.0"},{"v":2774.8,"d":"2,774.8"}]
["Área das UPAs com (50, 100] ha","hectare",56,50.1,{"v":69.98,"d":"70.0"},99.8,{"v":3919.1,"d":"3,919.1"}]
["Área das UPAs com (100, 200] ha","hectare",43,102.6,{"v":141.37,"d":"141.4"},196.8,{"v":6078.7,"d":"6,078.7"}]
["Área das UPAs com (200, 500] ha","hectare",35,205.7,{"v":308.33,"d":"308.3"},{"v":498,"d":"498.0"},{"v":10791.7,"d":"10,791.7"}]
["Área das UPAs com (500, 1.000] ha","hectare",21,509.7,{"v":650.02,"d":"650.0"},835.6,{"v":13650.4,"d":"13,650.4"}]
["Área das UPAs com (1.000, 2.000] ha","hectare",1,{"v":1235.6,"d":"1,235.6"},{"v":1235.6,"d":"1,235.6"},{"v":1235.6,"d":"1,235.6"},{"v":1235.6,"d":"1,235.6"}]
["Área das UPAs com (2.000, 5.000] ha","hectare",1,{"v":2178,"d":"2,178.0"},{"v":2178,"d":"2,178.0"},{"v":2178,"d":"2,178.0"},{"v":2178,"d":"2,178.0"}]
["Área das UPAs com (5.000, 10.000] ha","hectare","-","-","-","-","-"]
["Área das UPAs acima de 10.000 ha","hectare","-","-","-","-","-"]
["Fonte: Secretaria de Agricultura e Abastecimento, CDRS/IEA, Projeto LUPA."]
[]
["TABELA 135.2 - Explorações Animais, Município de Colina, Estado de São Paulo, 2016/17."]
["ITEM","UNIDADE","N.DE UPAs","MÍNIMO","MÉDIO","MÁXIMO","TOTAL"]
["Asininos e muares","cabecas",10,{"v":2,"d":"2.0"},9.2,{"v":43,"d":"43.0"},{"v":92,"d":"92.0"}]
["Avicultura de corte","cabecas/ano",5,{"v":132000,"d":"132,000.0"},{"v":277600,"d":"277,600.0"},{"v":550000,"d":"550,000.0"},{"v":1388000,"d":"1,388,000.0"}]
["Avicultura ornamental/decorativa/exotica","cabecas",1,{"v":300,"d":"300.0"},{"v":300,"d":"300.0"},{"v":300,"d":"300.0"},{"v":300,"d":"300.0"}]
["Avicultura para ovos","cabecas",1,{"v":800,"d":"800.0"},{"v":800,"d":"800.0"},{"v":800,"d":"800.0"},{"v":800,"d":"800.0"}]
["Bovinocultura de corte","cabecas",57,{"v":4,"d":"4.0"},{"v":89.96,"d":"90.0"},{"v":987,"d":"987.0"},{"v":5128,"d":"5,128.0"}]
["Bovinocultura leiteira","cabecas",26,{"v":2,"d":"2.0"},{"v":23.88,"d":"23.9"},{"v":137,"d":"137.0"},{"v":621,"d":"621.0"}]
["Bovinocultura mista","cabecas",28,{"v":3,"d":"3.0"},{"v":16.54,"d":"16.5"},{"v":80,"d":"80.0"},{"v":463,"d":"463.0"}]
["Equinocultura","cabecas",88,{"v":1,"d":"1.0"},{"v":11.15,"d":"11.2"},{"v":214,"d":"214.0"},{"v":981,"d":"981.0"}]
["Ovinocultura","cabecas",25,{"v":6,"d":"6.0"},24.4,{"v":60,"d":"60.0"},{"v":610,"d":"610.0"}]
["Piscicultura","m2 tanques",2,{"v":10000,"d":"10,000.0"},{"v":11000,"d":"11,000.0"},{"v":12000,"d":"12,000.0"},{"v":22000,"d":"22,000.0"}]
["Suinocultura","cabecas",10,{"v":10,"d":"10.0"},{"v":1138.7,"d":"1,138.7"},{"v":10000,"d":"10,000.0"},{"v":11387,"d":"11,387.0"}]
["Fonte: Secretaria de Agricultura e Abastecimento, CDRS/IEA, Projeto LUPA."]
[]
["TABELA 135.3 -  Máquinas, Implementos e Benfeitorias, Município de Colina, Estado de São Paulo, 2016/17."]
["ITEM","UNIDADE","N.DE UPAs","MÍNIMO","MÉDIO","MÁXIMO","TOTAL"]
["Arado comum (bacia, aiveca)","unidade",30,{"v":1,"d":"1.0"},1.1,{"v":3,"d":"3.0"},{"v":33,"d":"33.0"}]
["Arado escarificador","unidade",1,{"v":2,"d":"2.0"},{"v":2,"d":"2.0"},{"v":2,"d":"2.0"},{"v":2,"d":"2.0"}]
["Arado subsolador","unidade",45,{"v":1,"d":"1.0"},{"v":1.27,"d":"1.3"},{"v":3,"d":"3.0"},{"v":57,"d":"57.0"}]
["Carregadeira de cana","unidade",4,{"v":1,"d":"1.0"},{"v":3.25,"d":"3.3"},{"v":8,"d":"8.0"},{"v":13,"d":"13.0"}]
["Carreta de trator","unidade",111,{"v":1,"d":"1.0"},{"v":1.52,"d":"1.5"},{"v":6,"d":"6.0"},{"v":169,"d":"169.0"}]
["Colhedeira acoplada","unidade",2,{"v":1,"d":"1.0"},1.5,{"v":2,"d":"2.0"},{"v":3,"d":"3.0"}]
["Colhedeira automotriz","unidade",5,{"v":1,"d":"1.0"},1.6,{"v":2,"d":"2.0"},{"v":8,"d":"8.0"}]
["Computador","unidade",16,{"v":1,"d":"1.0"},{"v":3.06,"d":"3.1"},{"v":18,"d":"18.0"},{"v":49,"d":"49.0"}]
["Conj.irrigacao autopropelido","unidade",11,{"v":1,"d":"1.0"},{"v":1.18,"d":"1.2"},{"v":2,"d":"2.0"},{"v":13,"d":"13.0"}]
["Conj.irrigacao convencional","unidade",1,{"v":1,"d":"1.0"},{"v":1,"d":"1.0"},{"v":1,"d":"1.0"},{"v":1,"d":"1.0"}]
["Conj.irrigacao pivot central","unidade",3,{"v":1,"d":"1.0"},{"v":1,"d":"1.0"},{"v":1,"d":"1.0"},{"v":3,"d":"3.0"}]
["Conj.irrigacao/gotejamento/microaspersao","unidade",14,{"v":1,"d":"1.0"},{"v":1.07,"d":"1.1"},{"v":2,"d":"2.0"},{"v":15,"d":"15.0"}]
["Conjunto de fenacao","unidade",16,{"v":1,"d":"1.0"},{"v":1,"d":"1.0"},{"v":1,"d":"1.0"},{"v":16,"d":"16.0"}]
["Desintegrador de palha (plantio direto)","unidade",1,{"v":1,"d":"1.0"},{"v":1,"d":"1.0"},{"v":1,"d":"1.0"},{"v":1,"d":"1.0"}]
["Desintegrador, picador, triturador","unidade",46,{"v":1,"d":"1.0"},{"v":1.09,"d":"1.1"},{"v":4,"d":"4.0"},{"v":50,"d":"50.0"}]
["Distribuidor de calcario","unidade",75,{"v":1,"d":"1.0"},{"v":1.33,"d":"1.3"},{"v":4,"d":"4.0"},{"v":100,"d":"100.0"}]
["Embarcação","unidade",1,{"v":1,"d":"1.0"},{"v":1,"d":"1.0"},{"v":1,"d":"1.0"},{"v":1,"d":"1.0"}]
["Ensiladeira","unidade",23,{"v":1,"d":"1.0"},{"v":1.35,"d":"1.4"},{"v":3,"d":"3.0"},{"v":31,"d":"31.0"}]
["Grade aradora (tipo romi)","unidade",89,{"v":1,"d":"1.0"},{"v":1.46,"d":"1.5"},{"v":6,"d":"6.0"},{"v":130,"d":"130.0"}]
["Grade niveladora","unidade",102,{"v":1,"d":"1.0"},{"v":1.42,"d":"1.4"},{"v":3,"d":"3.0"},{"v":145,"d":"145.0"}]
["Implementos para tracao animal","unidade",6,{"v":1,"d":"1.0"},{"v":1.67,"d":"1.7"},{"v":3,"d":"3.0"},{"v":10,"d":"10.0"}]
["Máquina de classificar frutas","unidade",1,{"v":3,"d":"3.0"},{"v":3,"d":"3.0"},{"v":3,"d":"3.0"},{"v":3,"d":"3.0"}]
["Misturador de racao","unidade",10,{"v":1,"d":"1.0"},1.2,{"v":3,"d":"3.0"},{"v":12,"d":"12.0"}]
["Mmicrotrator","unidade",1,{"v":1,"d":"1.0"},{"v":1,"d":"1.0"},{"v":1,"d":"1.0"},{"v":1,"d":"1.0"}]
["Ordenhadeira mecanica","unidade",2,{"v":1,"d":"1.0"},{"v":1,"d":"1.0"},{"v":1,"d":"1.0"},{"v":2,"d":"2.0"}]
["Pulverizador tratorizado","unidade",79,{"v":1,"d":"1.0"},{"v":1.48,"d":"1.5"},{"v":8,"d":"8.0"},{"v":117,"d":"117.0"}]
["Resfriador de leite, tanque expansao","unidade",4,{"v":1,"d":"1.0"},{"v":1.25,"d":"1.3"},{"v":2,"d":"2.0"},{"v":5,"d":"5.0"}]
["Roçadeira costal","unidade",3,{"v":1,"d":"1.0"},{"v":1.33,"d":"1.3"},{"v":2,"d":"2.0"},{"v":4,"d":"4.0"}]
["Roçadeira tratorizada","unidade",82,{"v":1,"d":"1.0"},{"v":1.29,"d":"1.3"},{"v":4,"d":"4.0"},{"v":106,"d":"106.0"}]
["Roçadora","unidade",3,{"v":1,"d":"1.0"},{"v":2,"d":"2.0"},{"v":4,"d":"4.0"},{"v":6,"d":"6.0"}]
["Semeadeira/adubadeira para plantio convencional","unidade",30,{"v":1,"d":"1.0"},{"v":1.13,"d":"1.1"},{"v":2,"d":"2.0"},{"v":34,"d":"34.0"}]
["Semeadeira/plantadeira plantio direto","unidade",19,{"v":1,"d":"1.0"},{"v":1.21,"d":"1.2"},{"v":2,"d":"2.0"},{"v":23,"d":"23.0"}]
["Tecnologias de gps para controle de máquinas","unidade",1,{"v":2,"d":"2.0"},{"v":2,"d":"2.0"},{"v":2,"d":"2.0"},{"v":2,"d":"2.0"}]
["Terraceador","unidade",14,{"v":1,"d":"1.0"},{"v":1.29,"d":"1.3"},{"v":2,"d":"2.0"},{"v":18,"d":"18.0"}]
["Trator de pneus  acima de 85 cv","unidade",51,{"v":1,"d":"1.0"},{"v":1.88,"d":"1.9"},{"v":8,"d":"8.0"},{"v":96,"d":"96.0"}]
["Trator de pneus até 65 cv","unidade",51,{"v":1,"d":"1.0"},{"v":1.18,"d":"1.2"},{"v":3,"d":"3.0"},{"v":60,"d":"60.0"}]
["Trator de pneus de 66 cv a 85 cv","unidade",101,{"v":1,"d":"1.0"},{"v":1.55,"d":"1.6"},{"v":9,"d":"9.0"},{"v":157,"d":"157.0"}]
["Acude/represa","unidade",63,{"v":1,"d":"1.0"},{"v":1.41,"d":"1.4"},{"v":5,"d":"5.0"},{"v":89,"d":"89.0"}]
["Almoxarifado/oficina","unidade",38,{"v":1,"d":"1.0"},{"v":1.08,"d":"1.1"},{"v":2,"d":"2.0"},{"v":41,"d":"41.0"}]
["Armazem para graos ensacados","sacas",8]
["Balanca para bovinos","unidade",11,{"v":1,"d":"1.0"},{"v":1.09,"d":"1.1"},{"v":2,"d":"2.0"},{"v":12,"d":"12.0"}]
["Balanca para veiculos","unidade",8,{"v":1,"d":"1.0"},{"v":1.13,"d":"1.1"},{"v":2,"d":"2.0"},{"v":9,"d":"9.0"}]
["Barracao para granja/avicultura","unidade",6,{"v":1,"d":"1.0"},2.5,{"v":4,"d":"4.0"},{"v":15,"d":"15.0"}]
["Barracao/galpao/garagem","unidade",142,{"v":1,"d":"1.0"},{"v":1.21,"d":"1.2"},{"v":4,"d":"4.0"},{"v":172,"d":"172.0"}]
["Casa de moradia habitada","unidade",168,{"v":1,"d":"1.0"},{"v":2.17,"d":"2.2"},{"v":25,"d":"25.0"},{"v":364,"d":"364.0"}]
["Casa de moradia total","unidade",187,{"v":1,"d":"1.0"},{"v":3.07,"d":"3.1"},{"v":45,"d":"45.0"},{"v":574,"d":"574.0"}]
["Curral/mangueira","unidade",99,{"v":1,"d":"1.0"},{"v":1.06,"d":"1.1"},{"v":5,"d":"5.0"},{"v":105,"d":"105.0"}]
["Deposito/tulha","unidade",102,{"v":1,"d":"1.0"},{"v":1.13,"d":"1.1"},{"v":4,"d":"4.0"},{"v":115,"d":"115.0"}]
["Engenho","unidade",1,{"v":1,"d":"1.0"},{"v":1,"d":"1.0"},{"v":1,"d":"1.0"},{"v":1,"d":"1.0"}]
["Estabulo","unidade",2,{"v":1,"d":"1.0"},1.5,{"v":2,"d":"2.0"},{"v":3,"d":"3.0"}]
["Estacao/posto meteorologico","unidade",1,{"v":1,"d":"1.0"},{"v":1,"d":"1.0"},{"v":1,"d":"1.0"},{"v":1,"d":"1.0"}]
["Estufa/plasticultura","m2",1]
["Fabrica de racao","unidade",3,{"v":1,"d":"1.0"},{"v":1,"d":"1.0"},{"v":1,"d":"1.0"},{"v":3,"d":"3.0"}]
["Instalacoes para equinos","unidade",24,{"v":1,"d":"1.0"},{"v":1.21,"d":"1.2"},{"v":4,"d":"4.0"},{"v":29,"d":"29.0"}]
["Maquina de beneficio","unidade",1,{"v":1,"d":"1.0"},{"v":1,"d":"1.0"},{"v":1,"d":"1.0"},{"v":1,"d":"1.0"}]
["Packing house","unidade",1,{"v":1,"d":"1.0"},{"v":1,"d":"1.0"},{"v":1,"d":"1.0"},{"v":1,"d":"1.0"}]
["Pocilga","unidade",14,{"v":1,"d":"1.0"},{"v":2.57,"d":"2.6"},{"v":13,"d":"13.0"},{"v":36,"d":"36.0"}]
["Poco semi-artesiano","unidade",106,{"v":1,"d":"1.0"},{"v":1.08,"d":"1.1"},{"v":3,"d":"3.0"},{"v":114,"d":"114.0"}]
["Silo para graos","ton",1]
["Silo para silagem","ton",7]
["Fonte: Secretaria de Agricultura e Abastecimento, CDRS/IEA, Projeto LUPA."]
[]
["TABELA 135.4 - Outras Estatísticas Agrícolas, Município de Colina, Estado de São Paulo, 2016/17."]
["ITEM","Número de UPAs",null,"Percentual"]
["Faz Parte de Associação de Produtores",117,null,{"v":33.050847457627114,"d":"33.1"}]
["Faz Parte de Cooperativa de Produtores",232,null,{"v":65.53672316384181,"d":"65.5"}]
["Faz Parte do Sindicato de Produtores",20,null,{"v":5.649717514124294,"d":"5.6"}]
["Não utiliza assistência técnica ",104,null,{"v":29.37853107344633,"d":"29.4"}]
["Utiliza somente assistência técnica governamental ",2,null,{"v":0.5649717514124294,"d":"0.6"}]
["Utiliza somente assistência técnica privada ",204,null,{"v":57.6271186440678,"d":"57.6"}]
["Utiliza assistência técnica tanto governamental quanto privada",33,null,{"v":9.322033898305085,"d":"9.3"}]
["Utiliza Crédito Rural",187,null,{"v":52.824858757062145,"d":"52.8"}]
["Utiliza Seguro Rural",85,null,{"v":24.011299435028246,"d":"24.0"}]
["Utiliza Escrituração Agrícola",290,null,{"v":81.92090395480226,"d":"81.9"}]
["Acessa Internet p/ Fins na Agropecuária",200,null,{"v":56.497175141242934,"d":"56.5"}]
["Utiliza Computador nas Atividades Agropecuárias",45,null,{"v":12.711864406779663,"d":"12.7"}]
["Utiliza Energia Elétrica Para Uso na Atividade Agrícola",192,null,{"v":54.23728813559322,"d":"54.2"}]
["Utiliza Energia Alternativa",20,null,{"v":5.649717514124294,"d":"5.6"}]
["Realiza Análise de Solo, quando necessário",293,null,{"v":82.7683615819209,"d":"82.8"}]
["Realiza Calagem",296,null,{"v":83.61581920903954,"d":"83.6"}]
["Utiliza Práticas de Conservação de Solo, quando necessário",294,null,{"v":83.05084745762711,"d":"83.1"}]
["Faz Adubação Mineral, quando necessário",283,null,{"v":79.94350282485875,"d":"79.9"}]
["Faz Adubação Orgânica, quando necessário",27,null,{"v":7.627118644067797,"d":"7.6"}]
["Faz Adubação Verde, quando necessário",3,null,{"v":0.8474576271186441,"d":"0.8"}]
["Utiliza Manejo Integrado de Pragas (MIP)",47,null,{"v":13.27683615819209,"d":"13.3"}]
["Utiliza Hidroponia",1,null,{"v":0.2824858757062147,"d":"0.3"}]
["Utiliza Cultivo em Estufa",4,null,{"v":1.1299435028248588,"d":"1.1"}]
["Utiliza Mudas Fiscalizadas",104,null,{"v":29.378531073446325,"d":"29.4"}]
["Utiliza Semente Melhorada",82,null,{"v":23.163841807909602,"d":"23.2"}]
["Faz Confinamento de Bovinos",6,null,{"v":1.694915254237288,"d":"1.7"}]
["Utiliza Pastejo Intensivo",26,null,{"v":7.344632768361582,"d":"7.3"}]
["Faz Inseminação Artificial",11,null,{"v":3.107344632768362,"d":"3.1"}]
["Faz Mineralização do Rebanho",95,null,{"v":26.836158192090394,"d":"26.8"}]
["Faz Vermifugação do Rebanho",95,null,{"v":26.836158192090394,"d":"26.8"}]
["Possui Parceiros /Arrendatários na Exploração Animal",15,null,{"v":4.237288135593221,"d":"4.2"}]
["Existência de trabalhadores c/ deficiência na UPA",4,null,{"v":1.1299435028248588,"d":"1.1"}]
["Esporte e lazer",1,null,{"v":0.2824858757062147,"d":"0.3"}]
["Extração mineral","-",null,"-"]
["Hotel Fazenda, Pousada ou SPA",1,null,{"v":0.2824858757062147,"d":"0.3"}]
["Pesque-pague",1,null,{"v":0.2824858757062147,"d":"0.3"}]
["Restaurante ou Lanchonete","-",null,"-"]
["Transformação artesanal","-",null,"-"]
["Turismo rural ou ecoturismo",1,null,{"v":0.2824858757062147,"d":"0.3"}]
["Outras atividades econômicas rurais",5,null,{"v":1.4124293785310735,"d":"1.4"}]
["Agroindústria",6,null,{"v":1.694915254237288,"d":"1.7"}]
["Proprietário sem instrução ou com instrução incompleta","-",null,"-"]
["Proprietário com antigo primário completo",6,null,{"v":1.694915254237288,"d":"1.7"}]
["Proprietário com 1° grau (ou antigo ginasial) completo",37,null,{"v":10.451977401129945,"d":"10.5"}]
["Proprietário com 2° grau (ou antigo colegial) completo",108,null,{"v":30.508474576271183,"d":"30.5"}]
["Proprietário com curso superior completo ",167,null,{"v":47.17514124293785,"d":"47.2"}]
["Pessoa Jurídica",25,null,{"v":7.062146892655368,"d":"7.1"}]
["Proprietário residente na própria UPA ",22,null,{"v":6.214689265536724,"d":"6.2"}]
["Fonte: Secretaria de Agricultura e Abastecimento, CDRS/IEA, Projeto LUPA."]
[]
["TABELA 135.5 - Área Cultivada, Município de Colina, Estado de São Paulo, 2016/17."]
["CULTURA","N.DE UPAs","MÍNIMO","MÉDIO","MÁXIMO","TOTAL"]
["Cana-de-acucar finalidade industria",258,1.2,{"v":105.83,"d":"105.8"},715.8,{"v":27302.9,"d":"27,302.9"}]
["Braquiaria",102,0.3,{"v":26.49,"d":"26.5"},{"v":1125,"d":"1,125.0"},{"v":2702.2,"d":"2,702.2"}]
["Seringueira",111,{"v":1,"d":"1.0"},{"v":20,"d":"20.0"},{"v":178,"d":"178.0"},{"v":2220.3,"d":"2,220.3"}]
["Laranja Industria",13,4.6,{"v":95.23,"d":"95.2"},741.6,{"v":1238,"d":"1,238.0"}]
["Soja",9,5.5,{"v":84.28,"d":"84.3"},534.4,758.5]
["Milho 2 safra",3,1.2,183.5,534.4,550.5]
["Coloniao",9,1.1,{"v":56.26,"d":"56.3"},{"v":178,"d":"178.0"},506.3]
["Gramas",40,0.5,{"v":11.16,"d":"11.2"},92.2,446.2]
["Milho-silagem",5,11.5,{"v":30.54,"d":"30.5"},{"v":76,"d":"76.0"},152.7]
["Milho safra",7,1.5,{"v":12,"d":"12.0"},{"v":26,"d":"26.0"},{"v":84,"d":"84.0"}]
["Banana",2,0.5,{"v":37.25,"d":"37.3"},{"v":74,"d":"74.0"},74.5]
["Eucalipto",9,0.3,{"v":7.07,"d":"7.1"},46.5,63.6]
["Gramíneas para fenação (tonelada)",9,0.5,{"v":4.72,"d":"4.7"},13.7,42.5]
["Cana-de-acucar outras finalidades",2,{"v":11,"d":"11.0"},20.9,30.8,41.8]
["Outras florestais",2,1.5,{"v":8.75,"d":"8.8"},{"v":16,"d":"16.0"},17.5]
["Cafe",2,{"v":6,"d":"6.0"},{"v":8.75,"d":"8.8"},11.5,17.5]
["Viveiro de citros",1,{"v":7,"d":"7.0"},{"v":7,"d":"7.0"},{"v":7,"d":"7.0"},{"v":7,"d":"7.0"}]
["Viveiro de seringueira",3,0.3,2.1,{"v":4,"d":"4.0"},6.3]
["Coco-da-baia",1,3.6,3.6,3.6,3.6]
["Batata-doce",1,{"v":3,"d":"3.0"},{"v":3,"d":"3.0"},{"v":3,"d":"3.0"},{"v":3,"d":"3.0"}]
["Alface",2,0.1,1.3,2.5,2.6]
["Teca",1,2.5,2.5,2.5,2.5]
["Limao",2,0.5,{"v":0.95,"d":"1.0"},1.4,1.9]
["Tangerina",1,1.4,1.4,1.4,1.4]
["Laranja Mercado",1,{"v":1,"d":"1.0"},{"v":1,"d":"1.0"},{"v":1,"d":"1.0"},{"v":1,"d":"1.0"}]
["Mandioca",1,{"v":1,"d":"1.0"},{"v":1,"d":"1.0"},{"v":1,"d":"1.0"},{"v":1,"d":"1.0"}]
["Cebolinha",2,0.3,0.4,0.5,0.8]
["Berinjela",2,0.1,0.3,0.5,0.6]
["Jilo",2,0.1,0.3,0.5,0.6]
["Anona (fruta-do-conde, ou pinha, ou atemoia)",1,0.5,0.5,0.5,0.5]
["Goiaba",1,0.5,0.5,0.5,0.5]
["Manga",1,0.5,0.5,0.5,0.5]
["Acerola (ou cereja-das-antilhas)",1,0.5,0.5,0.5,0.5]
["Quiabo",1,0.4,0.4,0.4,0.4]
["Tomate envarado",1,0.2,0.2,0.2,0.2]
["Pimenta",1,0.1,0.1,0.1,0.1]
["Abobora (ou jerimum)",1,0.1,0.1,0.1,0.1]
["Fonte: Secretaria de Agricultura e Abastecimento, CDRS/IEA, Projeto LUPA."]